Irodalmi nevelés a kilencéves alapiskolák 7. osztálya számára

Bibliographic Details
Main Authors: Koudelkáné Liptay, Márta (Author), Koval, Rózsa (Author), Kulcsár, Tibor, 1938-1993 (Author)
Format: Book
Language:Hungarian
Slovak
PhysicalDescription:225 s. ilustr. 20 cm
Published: Bratislava Slovenské pedagogické nakladateľstvo 1977
Edition:5. vyd.
Subjects:

MARC

LEADER 00000cam a2200000 a 4500
001 vtls001105488
003 SK-MaSNL
005 20260302055028.0
008 250414s1977 xo a crp 00000 hun
015 |a SNBA1977/01 
035 |a SNK000048330 
040 |a SNK  |b slo  |c SNK  |e AACR2 
041 0 |a hun  |a slo 
044 |a xo  |c SK 
080 |a 372.882(075.2)=945.11  |2 1981 
080 |a 82  |2 1981 
080 |a 37  |2 1981 
100 1 |a Koudelkáné Liptay, Márta  |4 aut  |9 382236 
245 1 0 |a Irodalmi nevelés a kilencéves alapiskolák 7. osztálya számára  |c Márta Koudelkáné Liptay, Rózsa Koval, Tibor Kulcsár 
246 1 1 |a Literárna výchova pre 7. ročník ZDŠ 
250 |a 5. vyd. 
260 |a Bratislava  |b Slovenské pedagogické nakladateľstvo  |c 1977  |e Košice  |f Východoslovenské tlačiarne 
300 |a 225 s.  |b ilustr.  |c 20 cm 
366 |e 3900 výtl. 
500 |a Ilustr. na front. Zozn. spis. Vysvetl. 
546 |a Súbežný názov v slovenčine 
650 0 7 |a literárna výchova  |2 SNKPH  |9 1653 
655 7 |a čítanky  |2 SNKPH  |9 60817 
655 7 |a učebnice základných škôl  |2 SNKPH  |9 70187 
700 1 |a Koval, Rózsa  |4 aut  |9 241672 
700 1 |a Kulcsár, Tibor,  |d 1938-1993  |4 aut  |9 238209 
852 |a Slovenská národná knižnica 
958 |a UX 
958 |a TL 
958 |a OND 
999 |c 1115713  |d 1117643 
952 |a SNK  |b SNK  |y VYP  |7 0  |p 17A0823675  |o snkSC 41440 D1  |i snkKSP 3765/77  |0 0  |1 0  |4 0  |d 2014-06-18  |l 0  |r 2026-02-24 18:15:03  |w 2026-02-24